00686cam a22002531 4500001001300000003000400013005001700017008004100034010001700075020001100092025002000103035002000123040001700143042001200160050001900172100004000191245004500231250001400276260004500290300002700335500001600362500001100378504004300389sa 68000155 DLC20260227112421.0850617s1966 ii 000 0 kanx  asa 68000155  cRs4.00 aPL480:I-Kan-794 a(OCoLC)13889965 aDLCcNNdDLC apremarc00aPL4659.G65bP81 aGokak, Vinayak Krishna,d1909-1992.10aPuṇyabhūmi.c[Lēkhaka] Vināyaka. a[1st ed.] aMaisūru,bSuruci Prakāśanac[1966] avi, 60, [1] p.c19 cm. aIn Kannada. aPoems. aList of the author's works: p. 60-[61]